[Event "FBL 1"]
[Site "?"]
[Date "2017.04.30"]
[Round "10.3"]
[White "Levushkina, Elena"]
[Black "Stangl, Anita"]
[Result "1-0"]
[WhiteElo "2321"]
[BlackElo "2053"]
[PlyCount "101"]
[EventDate "2016.10.22"]
[EventType "team-tourn"]
[EventCountry "GER"]
[WhiteTeam "Deizisau SF"]
[BlackTeam "Muenchen FC Bayern"]
[WhiteTeamCountry "GER"]
[BlackTeamCountry "GER"]

1. e4 e6 2. d4 d5 3. Nc3 Nf6 4. e5 Nfd7 5. f4 c5 6. Nf3 Nc6 7. Be3 Qb6 8. Na4
Qa5+ 9. c3 cxd4 10. b4 Nxb4 11. cxb4 Bxb4+ 12. Bd2 Bxd2+ 13. Nxd2 b5 14. Nb2
O-O 15. Nd3 f6 16. exf6 Nxf6 17. a4 b4 18. Nb3 Qb6 19. a5 Qd6 20. g3 g5 21. Ne5
Rb8 22. Qxd4 gxf4 23. gxf4 Rb7 24. Rg1+ Kh8 25. Rc1 Re7 26. Rc6 Qd8 27. Rc2 Qe8
28. Be2 Qa4 29. Qb2 d4 30. Nc6 Rc7 31. Ncxd4 Rxc2 32. Nxc2 Bb7 33. Nc5 Qxa5 34.
Qxb4 Qxb4+ 35. Nxb4 Bc8 36. Rg3 a5 37. Nbd3 Nd5 38. Rf3 Rf7 39. Bd1 Ra7 40. Bb3
Kg7 41. f5 Re7 42. Kf2 Nf6 43. Bxe6 Bxe6 44. fxe6 h5 45. h3 Ra7 46. Ne5 Rc7 47.
Ned7 Ne8 48. e7 Rc8 49. Rf8 Ra8 50. Ne6+ Kg6 51. Nc7 1-0

[Event "FBL 1"]
[Site "?"]
[Date "2017.04.30"]
[Round "10.5"]
[White "Lauterbach, Ingrid"]
[Black "Ankerst, Milka"]
[Result "1/2-1/2"]
[WhiteElo "2101"]
[BlackElo "2064"]
[PlyCount "111"]
[EventDate "2016.10.22"]
[EventType "team-tourn"]
[EventCountry "GER"]
[WhiteTeam "Deizisau SF"]
[BlackTeam "Muenchen FC Bayern"]
[WhiteTeamCountry "GER"]
[BlackTeamCountry "GER"]

1. e4 c5 2. Nf3 Nc6 3. Bb5 g6 4. O-O Bg7 5. c3 Nf6 6. Re1 O-O 7. d4 cxd4 8.
cxd4 Qb6 9. Nc3 d6 10. h3 a6 11. Bf1 Qd8 12. Bg5 h6 13. Be3 Bd7 14. Qd2 Kh7 15.
e5 dxe5 16. d5 Na7 17. Nxe5 Nc8 18. Rac1 Nd6 19. Bc5 Rc8 20. Bxd6 exd6 21. Nxd7
Qxd7 22. g3 h5 23. Rcd1 Rfe8 24. Rxe8 Rxe8 25. Bg2 Re5 26. Re1 Qe8 27. Rxe5
Qxe5 28. Kf1 Nd7 29. f4 Qe8 30. Ne4 Qe7 31. b4 Nf6 32. Qe2 Qc7 33. Ng5+ Kg8 34.
Qd2 Qc4+ 35. Kg1 Nd7 36. Bf1 Bd4+ 37. Kg2 Qc3 38. Qxc3 Bxc3 39. b5 a5 40. Kf2
Kg7 41. h4 Nb6 42. Bg2 Bb4 43. Bf3 Na4 44. Be2 Nb6 45. Bf3 Na4 46. Be2 Nc3 47.
Bc4 Kf8 48. Kf3 Ke7 49. Ne4 Na4 50. Bb3 Nc5 51. Nxc5 Bxc5 52. g4 hxg4+ 53. Kxg4
Kf6 54. Bc2 Be3 55. a4 Bf2 56. Bd3 1/2-1/2

[Event "FBL 1"]
[Site "?"]
[Date "2017.04.30"]
[Round "10.2"]
[White "Troyke, Doreen"]
[Black "Brandt, Carina"]
[Result "1/2-1/2"]
[WhiteElo "2105"]
[BlackElo "2042"]
[PlyCount "85"]
[EventDate "2016.10.22"]
[EventType "team-tourn"]
[EventCountry "GER"]
[WhiteTeam "Erfurt SV Medizin"]
[BlackTeam "Norderstedt TuRa Harksheide"]
[WhiteTeamCountry "GER"]
[BlackTeamCountry "GER"]

1. c4 g6 2. g3 Bg7 3. Bg2 d6 4. Nc3 e5 5. e3 f5 6. Nge2 Nf6 7. O-O O-O 8. d4
Nbd7 9. b3 c6 10. Ba3 Ne8 11. dxe5 Nxe5 12. Qd2 Nf7 13. Rad1 Qa5 14. Bb2 Ne5
15. f4 Ng4 16. h3 Ngf6 17. Kh2 Be6 18. Nd4 Bf7 19. Rfe1 Rd8 20. Nf3 Nc7 21. e4
fxe4 22. Nxe4 Qxd2 23. Rxd2 Nxe4 24. Rxe4 Bxb2 25. Rxb2 Rde8 26. Rbe2 d5 27.
cxd5 Nxd5 28. Rxe8 Rxe8 29. Ne5 a5 30. Rd2 Be6 31. Bf3 a4 32. bxa4 Ra8 33. Rb2
Rxa4 34. Rxb7 Rxa2+ 35. Kg1 Rc2 36. h4 Rc3 37. Ra7 c5 38. Ra6 Bf7 39. Ra8+ Kg7
40. Ra7 Kg8 41. Ra8+ Kg7 42. Ra7 Kg8 43. Ra8+ 1/2-1/2

[Event "FBL 1"]
[Site "?"]
[Date "2017.04.30"]
[Round "10.3"]
[White "Sherif, Amina"]
[Black "Anisheva, Varvara"]
[Result "1-0"]
[WhiteElo "2080"]
[BlackElo "2132"]
[PlyCount "113"]
[EventDate "2016.10.22"]
[EventType "team-tourn"]
[EventCountry "GER"]
[WhiteTeam "Norderstedt TuRa Harksheide"]
[BlackTeam "Erfurt SV Medizin"]
[WhiteTeamCountry "GER"]
[BlackTeamCountry "GER"]

1. d4 Nf6 2. Nf3 g6 3. g3 Bg7 4. Bg2 O-O 5. c4 c5 6. Nc3 cxd4 7. Nxd4 Nc6 8.
O-O Qb6 9. Nc2 d6 10. h3 Qc5 11. b3 Qh5 12. h4 Qa5 13. Bb2 Nh5 14. Qd2 Be6 15.
Rfd1 Kh8 16. Ne3 f5 17. Ned5 a6 18. e3 Rac8 19. Rac1 Rfe8 20. Qe2 Bf7 21. Na4
Bxd5 22. Rxd5 Qc7 23. Ba3 Nf6 24. Rdd1 b6 25. Nc3 Qa7 26. e4 fxe4 27. Nxe4 Nxe4
28. Qxe4 Ne5 29. Bh3 Rcd8 30. Kg2 Nd7 31. Re1 Nf6 32. Qe3 a5 33. Bb2 e5 34.
Rcd1 Rf8 35. Kg1 Qc7 36. Re2 h5 37. Red2 Kh7 38. Qe2 Bh6 39. Rd3 e4 40. Rd4 Qe7
41. Ba3 e3 42. f3 Qe5 43. f4 Qe8 44. Bxd6 Rxd6 45. Rxd6 Ne4 46. Rd7+ Bg7 47.
Qxe3 Kh8 48. Re1 Nf6 49. Qxe8 Nxe8 50. Ree7 Kh7 51. Kf1 Kh6 52. Bg2 Rh8 53. Rd8
Nf6 54. Rxh8+ Bxh8 55. Re6 Kg7 56. Rxb6 Kf7 57. c5 1-0

[Event "FBL 1"]
[Site "?"]
[Date "2017.04.30"]
[Round "10.4"]
[White "Umpfenbach, Carolin"]
[Black "Waechter, Nathalie"]
[Result "0-1"]
[WhiteElo "2131"]
[BlackElo "1993"]
[PlyCount "98"]
[EventDate "2016.10.22"]
[EventType "team-tourn"]
[EventCountry "GER"]
[WhiteTeam "Erfurt SV Medizin"]
[BlackTeam "Norderstedt TuRa Harksheide"]
[WhiteTeamCountry "GER"]
[BlackTeamCountry "GER"]

1. d4 d5 2. c4 e6 3. Nc3 Nf6 4. Nf3 Be7 5. Bg5 Nbd7 6. e3 O-O 7. Rc1 Re8 8. Be2
dxc4 9. Bxc4 c5 10. O-O cxd4 11. Qxd4 a6 12. a4 Qb6 13. Qxb6 Nxb6 14. Bb3 Bd7
15. Rfd1 Bc6 16. Nd4 Bd5 17. Nxd5 Nfxd5 18. Bxe7 Nxe7 19. e4 Rac8 20. a5 Rxc1
21. Rxc1 Rc8 22. Rxc8+ Nbxc8 23. Bc2 Nd6 24. Bd3 e5 25. Nc2 Nc6 26. b4 Kf8 27.
f3 Ke7 28. Kf2 Ne8 29. Ke3 Nc7 30. Bc4 f6 31. Kd3 Ne6 32. Bxe6 Kxe6 33. Kc4 Kd6
34. Ne3 Nd4 35. h3 h6 36. Kc3 g6 37. Ng4 Ne2+ 38. Kc4 h5 39. Nxf6 Nf4 40. b5
Nxg2 41. bxa6 bxa6 42. Nd5 Ne1 43. f4 Nf3 44. Kd3 exf4 45. Nxf4 Ne5+ 46. Kc3 h4
47. Nd3 g5 48. Kd4 Nxd3 49. Kxd3 g4 0-1

[Event "FBL 1"]
[Site "?"]
[Date "2017.04.30"]
[Round "10.5"]
[White "Koehler, Inken"]
[Black "von der  Weth von Nordheim, Petra"]
[Result "1-0"]
[WhiteElo "1968"]
[BlackElo "1978"]
[PlyCount "103"]
[EventDate "2016.10.22"]
[EventType "team-tourn"]
[EventCountry "GER"]
[WhiteTeam "Norderstedt TuRa Harksheide"]
[BlackTeam "Erfurt SV Medizin"]
[WhiteTeamCountry "GER"]
[BlackTeamCountry "GER"]

1. e4 c5 2. Nf3 Nc6 3. Bb5 d5 4. exd5 Qxd5 5. Nc3 Qe6+ 6. Qe2 Qxe2+ 7. Nxe2 Bd7
8. d4 e6 9. c3 cxd4 10. Nexd4 Nxd4 11. Nxd4 e5 12. Bxd7+ Kxd7 13. Nf3 f6 14.
Be3 Ne7 15. O-O-O+ Ke6 16. Bc5 Nc6 17. Bxf8 Rhxf8 18. Rhe1 Rfd8 19. Nd4+ Nxd4
20. cxd4 Rac8+ 21. Kb1 Rc4 22. dxe5 Rxd1+ 23. Rxd1 fxe5 24. b3 Rc7 25. Rd3 Kf5
26. Kb2 Ke4 27. Rc3 Rf7 28. f3+ Kd4 29. Kc2 b5 30. Rd3+ Kc5 31. Re3 Kd4 32.
Rd3+ Kc5 33. Rd8 Re7 34. Kd3 Kb4 35. Ke4 Kc3 36. Rd5 Kb4 37. g4 g5 38. Rxe5
Rxe5+ 39. Kxe5 Ka3 40. Kf5 Kxa2 41. Kxg5 a5 42. f4 b4 43. f5 a4 44. bxa4 b3 45.
f6 b2 46. f7 b1=Q 47. f8=Q Qc1+ 48. Kh5 Qc2 49. Qf4 Ka3 50. a5 Qc6 51. Qf5 Qc7
52. h4 1-0

[Event "FBL 1"]
[Site "?"]
[Date "2017.04.30"]
[Round "10.1"]
[White "Fuchs, Judith"]
[Black "Sieber, Fiona"]
[Result "1-0"]
[WhiteElo "2274"]
[BlackElo "2193"]
[PlyCount "93"]
[EventDate "2016.10.22"]
[EventType "team-tourn"]
[EventCountry "GER"]
[WhiteTeam "Hamburger SK"]
[BlackTeam "Lehrte SK"]
[WhiteTeamCountry "GER"]
[BlackTeamCountry "GER"]

1. d4 Nf6 2. Bf4 d5 3. e3 e6 4. Nf3 c5 5. c3 Nc6 6. Nbd2 Be7 7. h3 O-O 8. Bd3
a6 9. Qe2 cxd4 10. exd4 b5 11. a3 Qb6 12. O-O Na5 13. b4 Nc4 14. Nb3 Bb7 15.
Nc5 Bc6 16. Nxe6 fxe6 17. Qxe6+ Kh8 18. Qxe7 Rae8 19. Qc7 Ne4 20. Rfc1 Qxc7 21.
Bxc7 Bd7 22. Bxe4 Rxe4 23. Ne5 Nxe5 24. Bxe5 Re2 25. f3 Rc8 26. Re1 Rxe1+ 27.
Rxe1 Rxc3 28. Bxg7+ Kg8 29. Re7 Bf5 30. Bh6 Rxa3 31. Rg7+ Kh8 32. Rf7 Be6 33.
Rf8+ Bg8 34. f4 a5 35. f5 axb4 36. f6 Ra7 37. Bg7+ Rxg7 38. fxg7+ Kxg7 39. Rb8
Bf7 40. Rxb5 Kf6 41. Kf2 Bg6 42. Rxd5 b3 43. Rb5 Bc2 44. Ke3 Ke6 45. Kd2 Kd6
46. Kc3 Be4 47. g3 1-0

[Event "FBL 1"]
[Site "?"]
[Date "2017.04.30"]
[Round "10.2"]
[White "Schulze, Lara"]
[Black "Baciu, Diana"]
[Result "0-1"]
[WhiteElo "2157"]
[BlackElo "2275"]
[PlyCount "94"]
[EventDate "2016.10.22"]
[EventType "team-tourn"]
[EventCountry "GER"]
[WhiteTeam "Lehrte SK"]
[BlackTeam "Hamburger SK"]
[WhiteTeamCountry "GER"]
[BlackTeamCountry "GER"]

1. e4 e6 2. d4 d5 3. Nd2 h6 4. Ngf3 Nf6 5. e5 Nfd7 6. c4 c5 7. cxd5 exd5 8. Bd3
c4 9. Bc2 Nb6 10. O-O Nc6 11. Re1 Bg4 12. h3 Be6 13. Nf1 Qd7 14. N3h2 Be7 15.
g4 h5 16. Ng3 hxg4 17. hxg4 g6 18. Be3 O-O-O 19. g5 Rh4 20. f3 Rdh8 21. Re2 Qd8
22. f4 Rh3 23. Rg2 Kb8 24. Ng4 Nb4 25. Nf2 R3h4 26. Bb1 Qg8 27. f5 Bd7 28. a3
Nd3 29. Nxd3 cxd3 30. Bxd3 Bxf5 31. Bxf5 gxf5 32. Qf3 Qh7 33. Qxf5 Rh1+ 34. Kf2
Rxa1 35. e6 fxe6 36. Qxh7 Rxh7 37. g6 Rg7 38. Nh5 Rg8 39. Bf4+ Kc8 40. g7 Rh1
41. Bh2 Nd7 42. Kf3 Nf6 43. Rc2+ Kd7 44. Rc7+ Ke8 45. Bd6 Nxh5 46. Rxe7+ Kd8
47. Rxb7 Rxg7 0-1

[Event "FBL 1"]
[Site "?"]
[Date "2017.04.30"]
[Round "10.1"]
[White "Gaponenko, Inna"]
[Black "Gunina, Valentina"]
[Result "1/2-1/2"]
[WhiteElo "2416"]
[BlackElo "2509"]
[PlyCount "48"]
[EventDate "2016.10.22"]
[EventType "team-tourn"]
[EventCountry "GER"]
[WhiteTeam "Karlsruher SF"]
[BlackTeam "Koenigshofen Bad SC"]
[WhiteTeamCountry "GER"]
[BlackTeamCountry "GER"]

1. e4 c6 2. d4 d5 3. exd5 cxd5 4. c4 Nf6 5. Nc3 Nc6 6. cxd5 Nxd5 7. Nf3 Be6 8.
Bb5 Qa5 9. Qa4 Qxa4 10. Bxa4 Nb6 11. Bxc6+ bxc6 12. Be3 f6 13. Nd2 Bd5 14. Nxd5
cxd5 15. Rc1 e6 16. Ke2 Kd7 17. Rc2 Bb4 18. Nb1 Rhc8 19. Rhc1 Rxc2+ 20. Rxc2
Rc8 21. Rxc8 Kxc8 22. Bd2 Bxd2 23. Kxd2 Kd7 24. b3 Kc6 1/2-1/2

[Event "FBL 1"]
[Site "?"]
[Date "2017.04.30"]
[Round "10.2"]
[White "Mkrtchian, Lilit"]
[Black "Houska, Jovanka"]
[Result "0-1"]
[WhiteElo "2425"]
[BlackElo "2397"]
[PlyCount "122"]
[EventDate "2016.10.22"]
[EventType "team-tourn"]
[EventCountry "GER"]
[WhiteTeam "Koenigshofen Bad SC"]
[BlackTeam "Karlsruher SF"]
[WhiteTeamCountry "GER"]
[BlackTeamCountry "GER"]

1. Nf3 d5 2. g3 Bg4 3. Bg2 c6 4. c4 e6 5. cxd5 Bxf3 6. Bxf3 cxd5 7. O-O Nf6 8.
d3 Nc6 9. Nc3 Be7 10. a3 Rc8 11. Bd2 O-O 12. Bg2 Qd7 13. b4 h6 14. Rc1 Rfd8 15.
b5 Nd4 16. a4 Ba3 17. Rb1 Nf5 18. Na2 Bc5 19. e3 d4 20. exd4 Nxd4 21. Nc1 Nd5
22. Nb3 Nxb3 23. Rxb3 Bd4 24. Qg4 Nf6 25. Qf3 Rc2 26. Be3 b6 27. Qd1 Ra2 28.
Bc6 Qd6 29. Bd2 Rxa4 30. Qc2 Qc5 31. Qxc5 Bxc5 32. Be3 Bd4 33. Rc1 Ng4 34. Bxd4
Rdxd4 35. Be4 f5 36. Bf3 Ne5 37. Be2 Nd7 38. Rc8+ Kf7 39. Rc7 Kf6 40. Rbc3 Nc5
41. f4 g5 42. fxg5+ hxg5 43. Kf2 g4 44. Rc6 Ra2 45. Ke3 Ke5 46. Rc7 Rb4 47. Rc8
Ne4 48. R3c6 Nc5 49. Rd8 Ra3 50. Rdd6 Rxb5 51. Kf2 Rb4 52. Ke3 Re4+ 53. Kf2 Rd4
54. Rxd4 Kxd4 55. Rd6+ Ke5 56. Rd8 Kf6 57. d4 Ne4+ 58. Kf1 Ra1+ 59. Kg2 Ra2 60.
Kf1 a5 61. Re8 Rc2 0-1

[Event "FBL 1"]
[Site "?"]
[Date "2017.04.30"]
[Round "10.3"]
[White "Heinatz, Gundula"]
[Black "Savina, Anastasia"]
[Result "1/2-1/2"]
[WhiteElo "2173"]
[BlackElo "2378"]
[PlyCount "108"]
[EventDate "2016.10.22"]
[EventType "team-tourn"]
[EventCountry "GER"]
[WhiteTeam "Karlsruher SF"]
[BlackTeam "Koenigshofen Bad SC"]
[WhiteTeamCountry "GER"]
[BlackTeamCountry "GER"]

1. d4 d6 2. Nf3 g6 3. g3 Bg7 4. Bg2 Nf6 5. O-O O-O 6. b3 a5 7. a4 b6 8. Nbd2
Bb7 9. Bb2 Qc8 10. c4 Na6 11. Rc1 Ne4 12. Nxe4 Bxe4 13. Qd2 e6 14. Qf4 f5 15.
Bc3 Qe8 16. h4 h6 17. Ne1 Bxg2 18. Nxg2 Qe7 19. Qe3 g5 20. f4 gxh4 21. Nxh4 Kh7
22. Kf2 Bf6 23. Nf3 Rg8 24. Rh1 Rg6 25. Rh3 Re8 26. Rch1 Nb4 27. Bxb4 axb4 28.
Rd1 c5 29. Qd3 cxd4 30. Nxd4 Bxd4+ 31. Qxd4 e5 32. fxe5 Qxe5 33. Qxe5 Rxe5 34.
Rd2 Rge6 35. Rh1 Kg7 36. Rh4 Re3 37. Rhd4 Rxb3 38. Rxd6 Kf6 39. Rd8 Ra3 40.
Rf8+ Kg6 41. Rg8+ Kf7 42. Ra8 b3 43. Rd5 Ra2 44. Rxf5+ Kg6 45. Rb5 Raxe2+ 46.
Kf3 R2e3+ 47. Kf2 Rc3 48. Rb8 Rc2+ 49. Kf3 Rf6+ 50. Ke3 Rxc4 51. Rxb3 Rxa4 52.
R8xb6 Ra6 53. Rxa6 Rxa6 54. Kf3 Rf6+ 1/2-1/2

[Event "FBL 1"]
[Site "?"]
[Date "2017.04.30"]
[Round "10.6"]
[White "Schneider, Jana"]
[Black "Scheynin, Julia"]
[Result "1-0"]
[WhiteElo "2224"]
[BlackElo "2028"]
[PlyCount "87"]
[EventDate "2016.10.22"]
[EventType "team-tourn"]
[EventCountry "GER"]
[WhiteTeam "Koenigshofen Bad SC"]
[BlackTeam "Karlsruher SF"]
[WhiteTeamCountry "GER"]
[BlackTeamCountry "GER"]

1. e4 e6 2. d4 d5 3. Nd2 Nf6 4. e5 Nfd7 5. c3 c5 6. Bd3 Nc6 7. Ne2 cxd4 8. cxd4
f6 9. exf6 Nxf6 10. O-O Bd6 11. Nf3 Qc7 12. Nc3 a6 13. Be3 O-O 14. Rc1 Bd7 15.
Na4 Rae8 16. Nc5 Re7 17. Nxd7 Rxd7 18. Re1 Qb6 19. Qe2 Re7 20. Red1 Nb4 21. Bb1
Qd8 22. Bg5 Qe8 23. Ne5 Rc7 24. Rxc7 Bxc7 25. a3 Nc6 26. Nxc6 Qxc6 27. Re1 Re8
28. Bxf6 gxf6 29. Qg4+ Kh8 30. Qh5 Re7 31. Qh6 Rf7 32. Bxh7 Bxh2+ 33. Kf1 Bf4
34. Qxf4 Kxh7 35. Qh4+ Kg7 36. Qg4+ Kf8 37. Qxe6 Qc4+ 38. Kg1 Qxd4 39. Qc8+ Kg7
40. Re3 Qd1+ 41. Kh2 Qh5+ 42. Rh3 Qe5+ 43. Rg3+ Kh6 44. Qg8 1-0

[Event "FBL 1"]
[Site "?"]
[Date "2017.05.01"]
[Round "11.1"]
[White "Hapala, Lisa"]
[Black "Naiditsch, Yuliya"]
[Result "0-1"]
[WhiteElo "2095"]
[BlackElo "2416"]
[PlyCount "114"]
[EventDate "2016.10.22"]
[EventType "team-tourn"]
[EventCountry "GER"]
[WhiteTeam "Augsburg SG"]
[BlackTeam "Deizisau SF"]
[WhiteTeamCountry "GER"]
[BlackTeamCountry "GER"]

1. e4 c5 2. Nf3 Nc6 3. d4 cxd4 4. Nxd4 Qb6 5. Nb3 Nf6 6. Nc3 e6 7. Bd3 a6 8.
Be3 Qc7 9. f4 d6 10. Qf3 b5 11. a4 b4 12. Nb1 e5 13. f5 Bb7 14. N1d2 Be7 15. g4
d5 16. g5 d4 17. Bf2 Nd7 18. h4 h6 19. O-O-O hxg5 20. hxg5 Rxh1 21. Rxh1 Bxg5
22. Qh5 Bf6 23. Bh4 O-O-O 24. Bxf6 Nxf6 25. Qg5 Rg8 26. Nc5 Na5 27. Nxb7 Kxb7
28. b3 Ka7 29. Qg2 Qc5 30. Qe2 Qc6 31. Kb1 Nb7 32. Nf3 Nd7 33. Qh2 f6 34. Bc4
Rc8 35. Qe2 Nd6 36. Bd5 Qc3 37. Rh7 Nc5 38. Rxg7+ Kb6 39. Ne1 Rh8 40. Rg1 Rh3
41. Qg4 Re3 42. a5+ Kxa5 43. Qg8 Rxe1+ 44. Rxe1 Qxe1+ 45. Ka2 Ncb7 46. Bxb7
Nxb7 47. Qd5+ Kb6 48. Qe6+ Ka7 49. Qxf6 Qxe4 50. Kb2 d3 51. cxd3 Qe2+ 52. Kc1
Qe1+ 53. Kb2 Qc3+ 54. Ka2 Qc2+ 55. Ka1 Qc1+ 56. Ka2 Qa3+ 57. Kb1 Qxb3+ 0-1

[Event "FBL 1"]
[Site "?"]
[Date "2017.05.01"]
[Round "11.4"]
[White "Straub, Natalia"]
[Black "Horvath, Maria"]
[Result "1-0"]
[WhiteElo "2188"]
[BlackElo "1978"]
[PlyCount "123"]
[EventDate "2016.10.22"]
[EventType "team-tourn"]
[EventCountry "GER"]
[WhiteTeam "Deizisau SF"]
[BlackTeam "Augsburg SG"]
[WhiteTeamCountry "GER"]
[BlackTeamCountry "GER"]

1. d4 d5 2. c4 c6 3. Nf3 Nf6 4. Qc2 g6 5. Bf4 Bf5 6. Qb3 Qb6 7. c5 Qxb3 8. axb3
Nbd7 9. Nc3 a6 10. h3 h5 11. e3 Bg7 12. b4 O-O 13. Nh4 Be6 14. Bd3 Nh7 15. Kd2
Ndf6 16. Nf3 Rad8 17. Rag1 Bc8 18. Kc2 Rde8 19. Bc7 Bd7 20. Bh2 Bc8 21. Bc7 Bd7
22. Bh2 Bc8 23. Nd2 Nd7 24. f4 f5 25. g4 hxg4 26. hxg4 Ndf6 27. gxf5 Bxf5 28.
Nf3 Ng4 29. Nd1 Nhf6 30. Nh4 Bxd3+ 31. Kxd3 Kf7 32. Nf3 Rh8 33. Ng5+ Kg8 34.
Bg3 Rh5 35. Nf2 Nh6 36. Nfh3 Nf5 37. Be1 Bh6 38. Nf3 Kh7 39. Nf2 Rxh1 40. Rxh1
Kg7 41. Ne5 Rg8 42. Nfg4 Ne4 43. Bh4 Rh8 44. Be1 Rg8 45. Nf3 Rh8 46. Bh4 Nf6
47. Nf2 Rg8 48. Bg5 Rh8 49. Bxh6+ Rxh6 50. Rxh6 Kxh6 51. Ng5 Ng7 52. Nf7+ Kh5
53. Nd8 Kh4 54. Nxb7 Ne6 55. Na5 Kg3 56. Ke2 Nd8 57. Nd3 Ng4 58. b5 axb5 59.
Nb4 Nh6 60. Naxc6 Nxc6 61. Nxc6 Nf5 62. Ne5 1-0

[Event "FBL 1"]
[Site "?"]
[Date "2017.05.01"]
[Round "11.5"]
[White "Amelang, Astrid"]
[Black "Jelica, Mara"]
[Result "0-1"]
[WhiteElo "2112"]
[BlackElo "2099"]
[PlyCount "176"]
[EventDate "2016.10.22"]
[EventType "team-tourn"]
[EventCountry "GER"]
[WhiteTeam "Augsburg SG"]
[BlackTeam "Deizisau SF"]
[WhiteTeamCountry "GER"]
[BlackTeamCountry "GER"]

1. f4 d5 2. Nf3 c5 3. b3 Nc6 4. Bb2 Nf6 5. e3 Bg4 6. Bb5 Rc8 7. O-O e6 8. h3
Bxf3 9. Qxf3 Be7 10. d3 O-O 11. Bxc6 Rxc6 12. Nd2 Qb6 13. Qe2 Nd7 14. c4 Bf6
15. Bxf6 Nxf6 16. e4 Rd8 17. e5 Ne8 18. Nf3 Rc7 19. Rfd1 Rcd7 20. Rac1 Nc7 21.
Rd2 Na6 22. Rcd1 Nb4 23. Kf1 Nc6 24. Ke1 Ne7 25. g4 Qa5 26. Kf2 Qb6 27. Qe3 Nc6
28. Ke1 Ne7 29. Kf2 Rf8 30. Kg3 Rdd8 31. Re1 Qc7 32. Ng5 h6 33. Nf3 b6 34. Rf2
Rd7 35. Rd2 Rfd8 36. Red1 a6 37. Qe2 Rf8 38. Rf1 Nc6 39. Re1 Qd8 40. Qe3 Ne7
41. Red1 Qa8 42. Qe2 Ng6 43. f5 exf5 44. gxf5 Ne7 45. f6 Nf5+ 46. Kh2 g6 47. e6
Qb8+ 48. Qe5 fxe6 49. Qxb8 Rxb8 50. Ne5 Rd6 51. Rg1 g5 52. Rf2 dxc4 53. dxc4
Rf8 54. f7+ Kg7 55. Re2 Nh4 56. Rf2 Nf5 57. Re1 Rfd8 58. Rfe2 Nh4 59. Kg3 Ng6
60. Nxg6 Kxg6 61. Rxe6+ Kxf7 62. Re7+ Kf6 63. R7e2 Rd3+ 64. Kg2 Rd2 65. Rf1+
Kg6 66. Rff2 Rxe2 67. Rxe2 Rd6 68. Kg3 Rd3+ 69. Kg2 Kf5 70. Rf2+ Ke5 71. Re2+
Kd6 72. Rf2 Re3 73. Rf6+ Re6 74. Rf2 b5 75. Rd2+ Kc6 76. cxb5+ axb5 77. Kf3 c4
78. bxc4 bxc4 79. Rc2 Kc5 80. a3 Kd4 81. Rd2+ Kc3 82. Rd7 Kb2 83. Rc7 c3 84. a4
Ra6 85. Rb7+ Kc1 86. Rb4 c2 87. Ke2 Re6+ 88. Kf2 Kd2 0-1

[Event "FBL 1"]
[Site "?"]
[Date "2017.05.01"]
[Round "11.6"]
[White "Lauterbach, Ingrid"]
[Black "Braun, Kristin"]
[Result "1/2-1/2"]
[WhiteElo "2101"]
[BlackElo "1837"]
[PlyCount "78"]
[EventDate "2016.10.22"]
[EventType "team-tourn"]
[EventCountry "GER"]
[WhiteTeam "Deizisau SF"]
[BlackTeam "Augsburg SG"]
[WhiteTeamCountry "GER"]
[BlackTeamCountry "GER"]

1. Nf3 Nf6 2. g3 d5 3. Bg2 c5 4. d3 Nc6 5. Nbd2 Bg4 6. h3 Bh5 7. c4 e5 8. Qa4
Bxf3 9. Nxf3 Qd6 10. O-O Be7 11. a3 O-O 12. Nh4 Rfe8 13. Nf5 Qd7 14. Nxe7+ Rxe7
15. Bg5 e4 16. cxd5 Qxd5 17. Bxf6 gxf6 18. Bxe4 Qe6 19. g4 Nd4 20. e3 f5 21.
gxf5 Nxf5 22. Bf3 Kh8 23. Kh1 Nxe3 24. Qh4 Nxf1 25. Rxf1 Rae8 26. d4 Qf5 27.
Bg2 Re1 28. dxc5 Rxf1+ 29. Bxf1 Qe4+ 30. Qxe4 Rxe4 31. Bg2 Re1+ 32. Kh2 Re2 33.
Bxb7 Rxf2+ 34. Kg3 Rxb2 35. c6 Rb3+ 36. Kf4 Rxa3 37. c7 Rc3 38. c8=Q+ Rxc8 39.
Bxc8 a5 1/2-1/2

[Event "FBL 1"]
[Site "?"]
[Date "2017.05.01"]
[Round "11.2"]
[White "Muzychuk, Anna"]
[Black "Mkrtchian, Lilit"]
[Result "1-0"]
[WhiteElo "2587"]
[BlackElo "2425"]
[PlyCount "93"]
[EventDate "2016.10.22"]
[EventType "team-tourn"]
[EventCountry "GER"]
[WhiteTeam "Baden Baden OSG"]
[BlackTeam "Koenigshofen Bad SC"]
[WhiteTeamCountry "GER"]
[BlackTeamCountry "GER"]

1. e4 c6 2. d4 d5 3. e5 Bf5 4. h4 h5 5. Bd3 Bxd3 6. Qxd3 Qa5+ 7. Nd2 e6 8. Ngf3
Qa6 9. c4 Ne7 10. O-O Nf5 11. b3 Be7 12. a4 Nd7 13. Ba3 c5 14. Qb1 dxc4 15.
Nxc4 O-O 16. Rd1 Rfd8 17. d5 Nxh4 18. Nxh4 Bxh4 19. Qe4 Be7 20. d6 Bf8 21. Rd3
g6 22. Re1 Bg7 23. Bc1 Qc6 24. Qh4 b6 25. Bg5 Re8 26. Qf4 a6 27. Be7 b5 28. Nd2
Rac8 29. axb5 axb5 30. Rf3 Rf8 31. Bxf8 Rxf8 32. Rfe3 Qd5 33. Nf3 Ra8 34. Ng5
Rf8 35. Nf3 Ra8 36. g4 hxg4 37. Ng5 Rf8 38. Qh2 Ra8 39. Qf4 Rf8 40. Qh2 Ra8 41.
Qh7+ Kf8 42. Re4 Qd2 43. Qh4 g3 44. Qxg3 Ra2 45. R4e2 Qb4 46. Qf3 Nxe5 47. Rxe5
1-0

[Event "FBL 1"]
[Site "?"]
[Date "2017.05.01"]
[Round "11.3"]
[White "Savina, Anastasia"]
[Black "Muzychuk, Mariya"]
[Result "1/2-1/2"]
[WhiteElo "2378"]
[BlackElo "2546"]
[PlyCount "103"]
[EventDate "2016.10.22"]
[EventType "team-tourn"]
[EventCountry "GER"]
[WhiteTeam "Koenigshofen Bad SC"]
[BlackTeam "Baden Baden OSG"]
[WhiteTeamCountry "GER"]
[BlackTeamCountry "GER"]

1. Nf3 c5 2. c4 Nc6 3. d4 cxd4 4. Nxd4 g6 5. e4 Bg7 6. Nc2 Nf6 7. Nc3 d6 8. Be2
O-O 9. O-O Nd7 10. Bd2 Nc5 11. b4 Bxc3 12. Bxc3 Nxe4 13. Bb2 e5 14. Bd3 Ng5 15.
b5 Nb8 16. f4 exf4 17. Rxf4 Nd7 18. Be2 Ne6 19. Rf2 Ne5 20. Qd5 a6 21. c5 axb5
22. cxd6 Nc4 23. Bxc4 bxc4 24. Qxc4 Ra6 25. Qc3 f6 26. Rxf6 Qxf6 27. Qxf6 Rxf6
28. Bxf6 Rxd6 29. Be5 Rd2 30. Ne1 Bd7 31. Nf3 Re2 32. a3 Bc6 33. Bd6 g5 34. Rf1
h5 35. Rf2 Re3 36. Ne5 Bb5 37. h4 Re1+ 38. Kh2 Rd1 39. Be7 Rd5 40. Nf3 g4 41.
Nd2 Bd3 42. Nf1 Nd4 43. Ng3 Nf5 44. Nxf5 Bxf5 45. Kg3 Bd7 46. Bb4 Bc6 47. Kf4
Kf7 48. Rd2 Rxd2 49. Bxd2 Bxg2 50. Bb4 Ke6 51. Bf8 b5 52. Bb4 1/2-1/2

[Event "FBL 1"]
[Site "?"]
[Date "2017.05.01"]
[Round "11.4"]
[White "Cmilyte, Viktorija"]
[Black "Melamed, Tatjana"]
[Result "1-0"]
[WhiteElo "2538"]
[BlackElo "2346"]
[PlyCount "109"]
[EventDate "2016.10.22"]
[EventType "team-tourn"]
[EventCountry "GER"]
[WhiteTeam "Baden Baden OSG"]
[BlackTeam "Koenigshofen Bad SC"]
[WhiteTeamCountry "GER"]
[BlackTeamCountry "GER"]

1. d4 Nf6 2. c4 g6 3. Nf3 Bg7 4. g3 O-O 5. Bg2 d6 6. O-O c6 7. Nc3 Qb6 8. b3
Qa5 9. Qd2 Qh5 10. Re1 Re8 11. e4 Bg4 12. Nh4 Qa5 13. h3 Bc8 14. Bb2 e5 15. Nf3
Nbd7 16. Rad1 Nf8 17. d5 c5 18. a3 Bd7 19. Rb1 Rec8 20. Nb5 Qxd2 21. Nxd2 Ne8
22. Bf1 a6 23. Nc3 Bh6 24. Nf3 Rab8 25. b4 b5 26. bxc5 Rxc5 27. cxb5 axb5 28.
Ba1 Nc7 29. Na4 Rc2 30. Nc3 Ra8 31. a4 b4 32. Rxb4 Na6 33. Rc4 Nc5 34. Nxe5 Nb3
35. Nxd7 Nxd7 36. Nb5 Rxc4 37. Bxc4 Nd2 38. Be2 Nxe4 39. Bd1 Ndc5 40. Bd4 Bd2
41. Re2 Bb4 42. Rb2 Na6 43. Bf3 Nec5 44. Ra2 Nd3 45. Re2 Kf8 46. Bf6 Nc1 47.
Re4 Nb3 48. Be7+ Kg7 49. Nc7 Nxc7 50. Rxb4 Nd2 51. Bg2 Na6 52. Rf4 Nc5 53. Bxd6
Nxa4 54. Be5+ Kf8 55. d6 1-0

[Event "FBL 1"]
[Site "?"]
[Date "2017.05.01"]
[Round "11.5"]
[White "Schoene, Maria"]
[Black "Kachiani Gersinska, Ketino"]
[Result "1/2-1/2"]
[WhiteElo "2269"]
[BlackElo "2366"]
[PlyCount "56"]
[EventDate "2016.10.22"]
[EventType "team-tourn"]
[EventCountry "GER"]
[WhiteTeam "Koenigshofen Bad SC"]
[BlackTeam "Baden Baden OSG"]
[WhiteTeamCountry "GER"]
[BlackTeamCountry "GER"]

1. e4 e5 2. Nf3 Nc6 3. Bb5 a6 4. Ba4 Nf6 5. O-O Be7 6. Re1 b5 7. Bb3 d6 8. c3
O-O 9. h3 Re8 10. d4 Bf8 11. Nbd2 Bb7 12. a3 h6 13. Bc2 Nb8 14. Nh4 Nbd7 15.
Nf5 g6 16. Ng3 Bg7 17. Nf3 d5 18. dxe5 Nxe4 19. Nxe4 dxe4 20. Bxe4 Bxe4 21.
Rxe4 Nxe5 22. Qe2 Nxf3+ 23. Qxf3 Rxe4 24. Qxe4 Qd1+ 25. Kh2 Rd8 26. a4 Bf8 27.
axb5 axb5 28. Rb1 Qd5 1/2-1/2